|
|
|
|
| LEADER |
01404nam a2200301 a 4500 |
| 001 |
14981210 |
| 003 |
BD-DhAAL |
| 008 |
090722s2007 bg a b i000 0 eng d |
| 010 |
|
|
|a 2007340086
|
| 040 |
|
|
|a DLC
|c DLC
|d BD-DhAAL
|
| 082 |
0 |
0 |
|a 306/.09549/2
|2 2
|
| 245 |
0 |
0 |
|a To the MDGs and beyond :
|b accountability and institutional innovation in Bangladesh.
|
| 260 |
|
|
|a Dhaka :
|b World Bank Office ;
|a Washington DC :
|b World Bank,
|c 2007.
|
| 300 |
|
|
|a xxiii, 68 pages :
|b col. illustrations ;
|c 29 cm.
|
| 490 |
0 |
|
|a Bangladesh development series ;
|v paper no. 14
|
| 490 |
0 |
|
|a Document of the World Bank
|
| 504 |
|
|
|a Includes bibliographical references (p. 63-66).
|
| 526 |
|
|
|x Salim khan
Sr. program Associate
James P. Grant School.
Course name and no. N/A
|
| 541 |
1 |
|
|a A H Development publishing house
|e 00018477
|
| 650 |
|
0 |
|a Social indicators
|z Bangladesh.
|9 57864
|
| 651 |
|
0 |
|a Bangladesh
|x Social conditions.
|
| 651 |
|
0 |
|a Bangladesh
|x Economic conditions.
|
| 710 |
2 |
|
|a World Bank.
|b Bangladesh Dhaka Office.
|
| 710 |
2 |
|
|a World Bank.
|
| 852 |
4 |
|
|a SPH
|j General Shelf.
|
| 942 |
|
|
|2 ddc
|c BK
|
| 999 |
|
|
|c 2702
|d 2702
|
| 952 |
|
|
|0 0
|1 0
|2 ddc
|4 0
|6 306_095492000000000_TOT
|7 0
|9 2481
|a JPGSPH
|b JPGSPH
|d 2009-04-29
|e A H Development Publishing House.
|g 7800.00
|l 0
|o 306.095492 TOT
|p 3060018477
|r 2009-07-22
|t 1
|w 2009-07-22
|y BK
|x Requisitioned by Salim khan, Sr. program Associate, James P. Grant School. Course name and no. N/A
|